[Event "TUR Cup"]
[Site "Denizli"]
[Date "2023.07.18"]
[Round "4"]
[White "Bayram, Ufuk"]
[Black "Karakaya, Mehmet"]
[Result "1-0"]
[WhiteElo "1421"]
[BlackElo "1580"]
[PlyCount "137"]
[EventDate "2023.07.16"]
[EventType "team-tourn"]
[EventRounds "9"]
[EventCountry "TUR"]
[SourceTitle "CBM 215 Extra"]
[Source "ChessBase"]
[SourceDate "2023.09.30"]
[SourceVersion "1"]
[SourceVersionDate "2023.09.30"]
[SourceQuality "1"]

1. d4 Nf6 2. Bf4 c5 3. e3 g6 4. Nf3 Bg7 5. Nbd2 d5 6. c3 Qb6 7. Qb3 Qxb3 8. axb3 cxd4 9. exd4 Bf5 10. Bxb8 Rxb8 11. Bb5+ Bd7 12. Bxd7+ Nxd7 13. Rxa7 0-0 14. 0-0 Rfe8 15. Re1 e5 16. dxe5 Nxe5 17. Nxe5 Bxe5 18. Nf3 f6 19. Ra5 Rbd8 20. g3 Kf7 21. Rd1 Ke6 22. Rb5 Rd7 23. Rb6+ Kf7 24. h4 Ree7 25. Kg2 h6 26. h5 g5 27. Kf1 Re6 28. Rb5 Red6 29. Nd4 Bxd4 30. Rxd4 b6 31. c4 Ke6 32. Ke2 f5 33. Rdxd5 Rxd5 34. cxd5+ Rxd5 35. Rxb6+ Kf7 36. Rxh6 Rb5 37. Rd6 Rxb3 38. Rd2 g4 39. Kd1 Kf6 40. Kc2 Rb6 41. Rd4 Ke5 42. Rf4 Rh6 43. b4 Rxh5 44. Kb3 Kd5 45. Ka4 Kc6 46. Ka5 Kd5 47. b5 Kc5 48. b6 Rh1 49. Rxf5+ Kc6 50. Rf6+ Kb7 51. Rf7+ Kb8 52. Ka6 Ra1+ 53. Kb5 Rb1+ 54. Kc6 Rc1+ 55. Kd5 Re1 56. Kd4 Re2 57. Kd3 Re6 58. b7 Re5 59. Rg7 Re6 60. Rxg4 Kxb7 61. Rc4 Re1 62. g4 Kb6 63. f4 Kb5 64. Rc8 Rg1 65. g5 Re1 66. g6 Rg1 67. f5 Rg5 68. f6 Rxg6 69. f7 1-0

[Event "TUR Cup"]
[Site "Antalya"]
[Date "2020.01.30"]
[Round "8"]
[White "Eren, Alper"]
[Black "Karakaya, Mehmet"]
[Result "1-0"]
[WhiteElo "1846"]
[BlackElo "1367"]
[PlyCount "111"]
[EventDate "2020.01.26"]
[EventType "swiss"]
[EventRounds "11"]
[EventCountry "TUR"]
[SourceTitle "CBM 194 Extra"]
[Source "ChessBase"]
[SourceDate "2020.03.31"]
[SourceVersion "1"]
[SourceVersionDate "2020.03.31"]
[SourceQuality "1"]

1. e4 d5 2. e5 c5 3. c3 Bf5 4. Nf3 Nc6 5. Bb5 e6 6. 0-0 Nge7 7. d4 Bg4 8. dxc5 Bxf3 9. Qxf3 Nf5 10. b4 Qc7 11. Bf4 Be7 12. Nd2 g5 13. Bg3 h5 14. h3 0-0-0 15. Bxc6 Qxc6 16. Nb3 f6 17. Nd4 Nxd4 18. cxd4 f5 19. b5 Qxb5 20. Rab1 Qc6 21. Qa3 Qa6 22. Qb3 Qc6 23. Rfc1 Rd7 24. Qa3 Kb8 25. f3 Ka8 26. Rb4 b6 27. Qa6 Rc7 28. Rxb6 Qd7 29. Rcb1 Rhc8 30. Rxe6 Rc6 31. Rxc6 Rxc6 32. Rb6 Rxb6 33. cxb6 Qb7 34. Qxa7+ Qxa7 35. bxa7 Kxa7 36. Be1 Ba3 37. Kf2 Kb6 38. Ke3 f4+ 39. Kd3 Kb5 40. Bd2 h4 41. Kc3 Ka4 42. Kc2 Be7 43. Bc1 Bf8 44. Bb2 Be7 45. Kd3 Bf8 46. Bc3 Ba3 47. Ke2 Be7 48. Bd2 Bd8 49. g3 fxg3 50. f4 gxf4 51. Bxf4 Ka3 52. Bh6 Be7 53. Bg7 Bg5 54. Kf3 Kxa2 55. Bf6 Kb3 56. Bxg5 1-0

[Event "TUR Cup"]
[Site "Antalya"]
[Date "2019.01.28"]
[Round "3"]
[White "Karakaya, Mehmet"]
[Black "Dinc, Melih"]
[Result "1/2-1/2"]
[WhiteElo "1494"]
[BlackElo "1729"]
[PlyCount "116"]
[EventDate "2019.01.27"]
[EventType "swiss"]
[EventRounds "11"]
[EventCountry "TUR"]
[SourceTitle "CBM 188 Extra"]
[Source "ChessBase"]
[SourceDate "2019.02.26"]
[SourceVersion "1"]
[SourceVersionDate "2019.02.26"]
[SourceQuality "1"]

1. d4 Nf6 2. Nf3 d5 3. Bg5 e6 4. Nbd2 Nbd7 5. e3 c6 6. Bd3 Be7 7. 0-0 0-0 8. Ne5 h6 9. Bh4 Nxe5 10. dxe5 Nd7 11. Bxe7 Qxe7 12. f4 f5 13. Qh5 Nc5 14. Be2 Qf7 15. Qxf7+ Kxf7 16. c3 b6 17. b4 Ba6 18. Bxa6 Nxa6 19. Rac1 Rac8 20. a3 c5 21. Nb3 Rc7 22. Kf2 Rfc8 23. Ke2 cxb4 24. cxb4 Rxc1 25. Rxc1 Rxc1 26. Nxc1 Nc7 27. a4 Na6 28. Nd3 Ke7 29. Kd2 Nb8 30. Kc3 Kd7 31. Nb2 Kc6 32. Nd3 a6 33. Kd4 Nd7 34. Kc3 Nf8 35. Ne1 g5 36. g3 g4 37. Nd3 h5 38. Nf2 Ng6 39. Nd3 h4 40. Nf2 hxg3 41. hxg3 Ne7 42. Nd3 d4+ 43. Kxd4 Nd5 44. e4 fxe4 45. Kxe4 Nc3+ 46. Ke3 Nxa4 47. Nf2 Nc3 48. Nxg4 Nd5+ 49. Kd4 Nxb4 50. Ne3 Kd7 51. g4 Nc6+ 52. Kd3 Ne7 53. f5 exf5 54. gxf5 Nc6 55. Ke4 b5 56. Kd5 Nb4+ 57. Kc5 Nd3+ 58. Kd4 Nb4 1/2-1/2

[Event "TUR-chT 2nd League"]
[Site "Konya"]
[Date "2018.07.17"]
[Round "3.14"]
[White "Karakaya, Mehmet"]
[Black "Kavri, Yusuf Eren"]
[Result "0-1"]
[WhiteElo "1365"]
[BlackElo "1624"]
[PlyCount "114"]
[EventDate "2018.07.16"]
[EventType "team-swiss"]
[EventRounds "9"]
[EventCountry "TUR"]
[SourceTitle "EXT 2019"]
[Source "ChessBase"]
[SourceDate "2018.10.10"]
[SourceVersion "1"]
[SourceVersionDate "2018.10.10"]
[SourceQuality "1"]
[WhiteTeam "Serenler Egitim"]
[BlackTeam "Samsun Gercek"]
[WhiteTeamCountry "TUR"]
[BlackTeamCountry "TUR"]

1. d4 Nf6 2. Nf3 e6 3. Bg5 Be7 4. Nbd2 d5 5. e3 0-0 6. Bd3 c5 7. c3 Nbd7 8. 0-0 a6 9. Ne5 Nxe5 10. dxe5 Nd7 11. Bxe7 Qxe7 12. f4 f6 13. Qh5 g6 14. Bxg6 hxg6 15. Qxg6+ Qg7 16. Qh5 fxe5 17. fxe5 Nxe5 18. Nf3 Nxf3+ 19. Rxf3 Rxf3 20. Qxf3 Bd7 21. Rf1 Bb5 22. Rf2 Rf8 23. Qxf8+ Qxf8 24. Rxf8+ Kxf8 25. Kf2 Kf7 26. Kf3 Kf6 27. Kf4 e5+ 28. Kf3 Kg5 29. a3 Bc6 30. Ke2 Kg4 31. b4 Bb5+ 32. Kf2 cxb4 33. cxb4 Bd3 34. a4 Bc2 35. a5 Bd3 36. Ke1 Be4 37. Kf2 d4 38. exd4 exd4 39. Ke2 Bxg2 40. Kd3 Kh3 41. Kxd4 Kxh2 42. Kc5 Bc6 43. Kd4 Kg3 44. Ke3 Kg4 45. Kd4 Kf4 46. Kd3 Ke5 47. Ke3 Bb5 48. Kd2 Kd4 49. Kc2 Kc4 50. Kb2 Kxb4 51. Ka2 Kxa5 52. Ka3 Bc4 53. Kb2 Kb4 54. Ka1 Ka3 55. Kb1 b5 56. Ka1 b4 57. Kb1 b3 0-1

[Event "TUR-chT 2nd League"]
[Site "Konya"]
[Date "2018.07.16"]
[Round "1.17"]
[White "Karakaya, Mehmet"]
[Black "Aslan, Dogukan"]
[Result "0-1"]
[WhiteElo "1365"]
[BlackElo "1667"]
[PlyCount "121"]
[EventDate "2018.07.16"]
[EventType "team-swiss"]
[EventRounds "9"]
[EventCountry "TUR"]
[SourceTitle "EXT 2019"]
[Source "ChessBase"]
[SourceDate "2018.10.10"]
[SourceVersion "1"]
[SourceVersionDate "2018.10.10"]
[SourceQuality "1"]
[WhiteTeam "Serenler Egitim"]
[BlackTeam "Marmara Universitesi"]
[WhiteTeamCountry "TUR"]
[BlackTeamCountry "TUR"]

1. d4 d5 2. Nf3 Nf6 3. Bg5 Ne4 4. Bf4 c5 5. c3 Qb6 6. Qb3 c4 7. Qxb6 axb6 8. Nbd2 Nxd2 9. Nxd2 Nc6 10. g3 f6 11. Bc7 b5 12. Bg2 Kd7 13. Bf4 g5 14. Be3 e6 15. h4 g4 16. h5 b4 17. 0-0 bxc3 18. bxc3 b5 19. Rfb1 Ba6 20. a3 Bd6 21. Bh6 f5 22. Nf1 Rhb8 23. Ne3 Bc8 24. Nc2 Ra5 25. Ra2 Rba8 26. Bc1 Rb8 27. Raa1 Ra4 28. Ra2 b4 29. cxb4 Nxb4 30. Nxb4 Rbxb4 31. Rxb4 Bxb4 32. Rc2 Bd6 33. Kf1 Ra6 34. Rc3 Rb6 35. Ke1 Rb3 36. Rxb3 cxb3 37. Kd2 Ba6 38. Kc3 Bc4 39. Bb2 Kc6 40. f3 gxf3 41. Bxf3 Kb5 42. g4 Ka4 43. g5 Bxa3 44. g6 hxg6 45. h6 Bf8 46. h7 Bg7 47. Bc1 e5 48. e3 e4 49. Bd1 g5 50. Bh5 g4 51. Be8+ Ka5 52. Bd2 g3 53. Be1 g2 54. Bf2 Kb6 55. Bg6 f4 56. exf4 Kc6 57. Bf5 Kd6 58. Bh3 Kc6 59. Bxg2 Bh8 60. Bg3 Kb7 61. Bh4 0-1